Statistiques concernant Les 100 Pokémon de la 2ème Génération (Français)

Cliquez ici pour prendre le quiz!

Statistiques générales

  • Ce quiz a été pris 4 012 fois
  • Le résultat moyen est 66 sur 100

Statistiques - réponses

NuméroNom% Correct
155Héricendre
98%
152Germignon
96%
158Kaiminus
96%
160Aligatueur
95%
157Typhlosion
95%
154Méganium
94%
156Feurisson
93%
249Lugia
93%
250Ho-Oh
92%
153Macronium
91%
245Suicune
91%
159Crocrodil
90%
244Entei
90%
243Raikou
89%
251Celebi
88%
163Hoothoot
85%
161Fouinette
84%
162Fouinar
83%
164Noarfang
83%
208Steelix
80%
248Tyranocif
80%
240Magby
79%
197Noctali
79%
172Pichu
79%
239Elekid
78%
246Embrylex
78%
196Mentali
78%
247Ymphect
76%
180Lainergie
75%
173Mélo
75%
181Pharamp
75%
167Mimigal
73%
174Toudoudou
73%
212Cizayox
72%
168Migalos
72%
175Togepi
72%
241Ecrémeuh
70%
169Nostenfer
70%
179Wattouat
70%
229Démolosse
69%
176Togetic
69%
228Malosse
68%
201Zarbi
68%
238Lippouti
67%
230Hyporoi
66%
165Coxy
65%
166Coxyclaque
64%
237Kapoera
63%
185Simularbre
63%
198Cornèbre
62%
200Feuforêve
62%
199Roigada
62%
236Debugant
61%
189Cotovol
60%
177Natu
60%
186Tarpaud
60%
178Xatu
60%
184Azumarill
59%
183Marill
59%
214Scarhino
59%
188Floravol
58%
187Granivol
58%
182Joliflor
58%
220Marcacrin
58%
227Airmure
57%
194Axoloto
57%
221Cochignon
57%
242Leuphorie
57%
204Pomdepik
57%
192Héliatronc
56%
195Maraiste
56%
205Foretress
55%
203Girafarig
55%
232Donphan
54%
215Farfuret
54%
171Lanturn
54%
170Loupio
54%
191Tournegrin
54%
226Démanta
53%
231Phanpy
53%
223Rémoraid
53%
217Ursaring
53%
234Cerfrousse
52%
206Insolourdo
52%
202Qulbutoké
52%
216Teddiursa
52%
224Octillery
51%
218Limagma
50%
233Porygon2
49%
219Volcaropod
49%
225Cadoizo
48%
207Scorplane
48%
190Capumain
46%
211Qwilfish
46%
210Granbull
45%
235Queulorior
45%
193Yanma
45%
213Caratroc
43%
209Snubbull
43%
222Corayon
42%

Distribution des résultats

Percentile par nombre de réponses

% des personnes avec chaque résultat

Votre développement - résultats

Vous n’avez pas pris ce quiz